Pixar Characters By Quote - Statistics

General Stats
  • This quiz has been taken 32 times
  • The average score is 30 of 70
Answer Stats
Hint Answer % Correct
Too Infinity… and beyond! Buzz Lightyear
100%
NO CAPES!!!!! Edna Mode
100%
There’s a snake in my boot! Woody
94%
WALL-E. WALL-E
88%
Yodel-e-hee-hoo! Jessie
84%
Ka-chow! Lightning McQueen
75%
Lucky fin. Nemo
75%
Just keep swimming, just keep swimming. Dory
72%
I'm so glad you’re not a dinosaur! Rex
69%
Congratulations San Francisco, you've ruined pizza! Anger
66%
And that's it. We love our girl. She's got great friends and a great house...things couldn't be better. After all, Riley's 11 now. What could happen? Joy
66%
NOW PUT THAT THING BACK WHERE IT CAME FROM, OR SO HELP ME…!!!!! Mike Wazowski
66%
That is not brightly colored or shaped like a dinosaur… it’s broccoli! Disgust
63%
You need to be more… flexible. Elastigirl
63%
I sure am glad you told me earthquakes are a myth, Joy; otherwise, I'd be terrified right now! Fear
63%
Dad-Gum! Mater
63%
Ages 3 and up. It’s on my box. Ages 3 and up! I'm not supposed to be babysitting Princess Drool. Mr. Potato Head
63%
Remember the funny movie where the dog dies? Sadness
63%
The only normal one is Jack Jack and he’s not even toilet-trained! Violet
59%
Kitty! Boo
56%
I like it when it shatters. Dash
56%
ook-Lay in the ag-Bay. James P. Sullivan
56%
I bet he wishes he was tossing cabers. Merida
56%
We’re superheroes. What could happen? Mr. Incredible
56%
No, Buzz. I AM your father. Emperor Zurg
53%
Ba-ba-ba Jack Jack
53%
This is me. Remy
53%
(Woody) Ride like the wind __! Bullseye
50%
I promise, I will never let anything happen to you... Nemo. Marlin
50%
Directive. EVE
47%
Golly Bob Howdy! Slinky
47%
We look like bad guys! INCOMPETENT BAD GUYS!!! Frozone
44%
Come on, Little Chef! Linguini
44%
Silenzo, Bruno! Luca
44%
You sly dog! You got me monologuing! I can’t believe it! Syndrome
44%
You in the suit! Yes you! Take a bath, Hippy! Carl Fredrickson
41%
So if any aliens are listening please come by and get me. Okay, bye, I love you. Elio
41%
Don’t talk to any toy you don’t know! Mrs. Potato Head
41%
We're a lot stronger than you say we are... And you know it, don't you? Flik
38%
An explorer is a friend to all! Be it plant or fish or tiny mole! Russell
38%
I have just met you and I love you! Dug
34%
Pardon me. I hate to break up the staff meeting, but… THEY'RE HERE!!! BIRTHDAY GUESTS AT 3:00!!!!! Hamm
34%
Squawk Kevin
34%
Whaddya know? It scares little kids and little monsters. Randall Boggs
34%
Everything good is above the surface. Alberto
31%
Are you saying I'm stupid? Do I look... stupid... to you? Let's just think about the logic, shall we? Let's just think about it for a second. If it was up there, would I be coming down here, to your level, LOOKING FOR IT?! Hopper
31%
A minute ago I thought I was related to a murderer. You're a total upgrade! Miguel
31%
What I wouldn’t give to sing it to her, one… last… time. Héctor
25%
I’ve had thousands of mentors who failed and now hate me. Mother Teresa, Copernicus, Muhammad Ali, Marie Antoinette… Thanks, but no thanks, doc. 22
22%
You guys would have liked my poppa. He wasn't scared of anything. I'm done being scared. Arlo
22%
LET'S BURN THIS PLACE TO THE GROUND!!!!! Abby
19%
Winner, winner, charcoal dinner! Ember Lumen
19%
Hey, what’s with the rock? Francis
19%
AWOOGA!!! Mei
19%
They come, they eat, they leave. They come, they eat, they leave. Princess Atta
19%
I've always wanted a tail. Priya
19%
We’re going on a quest! Barley Lightfoot
16%
Only once is all we get. Grant me this rebirth. ‘Til tomorrow’s sun has set, one day to walk the Earth! Ian Lightfoot
16%
Is it H-E-double hockey sticks? Joe Gardner
16%
We love you, girl. Panda or no panda. Miriam
16%
Holy dewdrop! Wade Ripple
16%
It’s a rock. Dot
13%
I'm finished! Finally, I’m a beautiful butterfly! Heimlich
13%
Aww, that's my favorite part! King Fergus
13%
Merida, a princess does not place her weapons on the table. Queen Elinor
13%
Whoa… Spot
13%
Hi, Dad! I'm a bargaining chip! Glordon
9%
Must be an ant thing. Slim
9%
You’re one tough kid. Butch
6%
The storm provides! Thunderclap
6%
No matching quizzes found
Score Distribution
Percent of People with Each Score
Percentile by Number Answered
Your Score History
You have not taken this quiz